000 00311nam a22001337a 4500
020 _a978-0-552-57622-2
082 _a823
_bWIL/B
100 _aJACQUELINE WILSON
245 _aBUTTERFLY BEACH
260 _aLONDON
_bCORGI BOOKS
_c2017
300 _a69
650 _aCHILDRENS STORY BOOK
_zUNITED KINGDOM
942 _cBK
999 _c105
_d105